000 00581nam a2200181Ia 4500
001 19859
005 20260306172723.0
008 260306t2006||||xx |||||||||||||| ||spa||
041 _aESP
082 _a343.41
_bJ73
110 _aUniversidad de Piura Facultad de Derecho
245 0 _aLas libertades de expresión e información:
_bprimeras jornadas sobre derecho humanos. Facultad de Derecho de la Universidad de Piura. Piura, 26 y 27 de agosto de 2004
260 _c2006
300 _a188 páginas :
_c00 cm.
650 _aGEN
654 _aCDE
942 _cLIB
_dJUS
_fJUS
_2ddc
_n
999 _c19859
_d19859